| 000 | 00834nam a2200217Ia 4500 | ||
|---|---|---|---|
| 003 | Ost | ||
| 005 | 20260507075504.0 | ||
| 008 | 260507s9999||||xx |||||||||||||| ||und|| | ||
| 020 | _a9961001699 | ||
| 040 | _cfsecg | ||
| 041 | _aara | ||
| 082 | _a500 | ||
| 100 |
_aعبد الكريم، منصور بن عوف _eمؤلف |
||
| 245 | 0 |
_aمدخل إلى الرياضيات المالية / _c منصور بن عوف عبد الكريم |
|
| 250 | _aطبعة 4 | ||
| 260 |
_aالجزائر: _bديوان المطبوعات الجامعية, _c2006 |
||
| 300 |
_a142 صفحة؛ _bإيضاحات ؛ _c22 سم |
||
| 520 | _aالفائدة البسيطة،الفائدة المركبة،الدفعات المتساوية،استهلاك القروض | ||
| 653 | _aالرياضة التجارية والمالية | ||
| 942 | _cكتاب | ||
| 999 |
_c44709 _d44709 |
||